MCU actors in Action spy film series - Statistics

General Stats
  • This quiz has been taken 223 times
    222 since last reset
  • The average score is 9 of 26
Answer Stats
MCU Spy films Answer % Correct
Drax the Destroyer Mr. Hinx (Bond) Dave Bautista
84%
Bart Clinton / Hawkeye William Brandt (MI)Aaron Cross / Kenneth J. Kitsom (Bourne) Jeremy Renner
82%
Nick Fury Richmond Valentine (Kingsman) Samuel L. Jackson
74%
Loki actor Jason Bourne Matt Damon
70%
Odin Commander Swanbeck (MI) Anthony Hopkins
63%
Bruce Banner / Hulk Eric Byer (Bourne) Edward Norton
62%
Taneleer Tivan / The Collector Dario (Bond) Benicio del Toro
55%
Kaecilius Le Chiffre (Bond) Mads Mikkelsen
46%
Obadiah Stane / Iron Monger Champagne (Kingsman) Jeff Bridges
36%
Pietro Maximoff / Quicksilver Archie Reid / Lancelot (Kingsman) Aaron Taylor-Johnson
34%
Peggy Carter / Agent Carter Grace (MI) Hayley Atwell
34%
Baron Helmut Zemo Martin Kreutz (Bourne)Erik Jan Hanussen (Kingsman) Daniel Brühl
30%
Skurge the Executioner Kirill (Bourne) Karl Urban
24%
Mantis Paris (MI) Pom Klementieff
23%
Dr. Curt Connors / Lizard Grigori Rasputin (Kingsman) Rhys Ifans
23%
Aleta Ogord & Ying Nan Wai Lin (Bond) Michelle Yeoh
20%
Dr. Bill Foster Theodore Brassel (MI) Laurence Fishburne
18%
Melina Vostokoff Dr. Marta Shearing (Bourne) Rachel Weisz
18%
Colonel Chester Phillips Robert Dewey (Bourne) Tommy Lee Jones
17%
Charlie-27 Luther Stickell (MI) Ving Rhames
17%
Ramonda Erika Sloane (MI) Angela Bassett
16%
Abraham Erskine Chester King / Bedivere (Kingsman) Stanley Tucci
16%
Darren Cross / Yellowjacket / M.O.D.O.K. Zev Vendel (Bourne) Corey Stoll
11%
Korath the Pursuer Shola (Kingsman) Djimon Hounsou
11%
Ravager pilot Police interviewer (Kingsman) Ralph Ineson
2%
Algrim the Strong / Kurse Nykwana Wombosi (Bourne) Adewale Akinnuoye-Agbaje
1%
No matching quizzes found
Score Distribution
Percent of People with Each Score
Percentile by Number Answered
Your Score History
You have not taken this quiz since the last reset